000
00303nam a22001337a 4500
008
180216b xxu||||| |||| 00| 0 eng d
020
_a
9780071496254
041
_a
eng
080
_a
615
100
_a
5
101
_a
SHF
245
_a
Clinican's Pocket Drug Reference
_c
Gomella, L.G
942
_2
udc
_c
BK
999
_c
42722
_d
42722